Zmena výpočtu koeficientu pomerového odpočítania dane podľa par. 50 zákona o DPH
Zmeny v stanovení spôsobu výpočtu koeficientu pomerového odpočítania podľa zákona o dani z pridanej hodnoty. Ilustračné príklady.
Gespeichert in:
| 1. Verfasser: | |
|---|---|
| Weitere Verfasser: | |
| Format: | Buchkapitel |
| Sprache: | Slowakisch |
| Schlagworte: | |
| Tags: |
Keine Tags, Fügen Sie das erste Tag hinzu!
|
MARC
| LEADER | 00000naa a2200000 4500 | ||
|---|---|---|---|
| 001 | 0252801 | ||
| 005 | 20240502074045.6 | ||
| 041 | 0 | |a slo | |
| 044 | |a SK | ||
| 245 | 1 | 0 | |a Zmena výpočtu koeficientu pomerového odpočítania dane podľa par. 50 zákona o DPH |c Michal Kováčik, Martina Mateášová |
| 520 | |a Zmeny v stanovení spôsobu výpočtu koeficientu pomerového odpočítania podľa zákona o dani z pridanej hodnoty. Ilustračné príklady. | ||
| 610 | 2 | 0 | |a zákony |
| 610 | 2 | 0 | |a novelizácia |
| 610 | 2 | 0 | |a komentáre |
| 610 | 2 | 0 | |a Slovensko |
| 610 | 2 | 0 | |a odpočet dane |
| 100 | 1 | |a Kováčik, Michal, 1983- | |
| 700 | 1 | |a Mateášová, Martina, 1979- | |